KOHA-Header-6

USMLE Step 1 Lecture Notes 2018: Immunology and Microbiology (Record no. 13879)

000 -LEADER
fixed length control field 00300nam a22001217a 4500
020 ## - INTERNATIONAL STANDARD BOOK NUMBER
ISBN 9781506239552
082 ## - DEWEY DECIMAL CLASSIFICATION NUMBER
Classification number 610.76
100 ## - MAIN ENTRY--AUTHOR NAME
Personal name KAPLAN Medical
245 ## - TITLE STATEMENT
Title USMLE Step 1 Lecture Notes 2018: Immunology and Microbiology
260 ## - PUBLICATION, DISTRIBUTION, ETC. (IMPRINT)
Place of publication New York
Name of publisher Kaplan
Year of publication 2018
300 ## - PHYSICAL DESCRIPTION
Number of Pages 497 pages
942 ## - ADDED ENTRY ELEMENTS (KOHA)
Koha item type Books
Holdings
Withdrawn status Lost status Collection code Permanent Location Current Location Shelving location Date acquired Full call number Accession Number Koha item type
    Bio Sciences MAJU MAJU Shelf No.A36 2024-01-03 610.76 10979 Books

Powered by Koha